000 00186nam a2200073Ia 4500
008 170620s9999 xx 000 0 und d
100 _aEducation
245 0 _aEducation and Service Digst
260 _bEastern Book Company
999 _c29169
_d29169